| 000 | 00755nam a2200217 a 4500 | ||
|---|---|---|---|
| 008 | |||
| 049 | _aMAIN | ||
| 090 |
_aSC Z718 _bNYA |
||
| 100 | 1 | _aNyathi, Butholezwe K. | |
| 245 | 1 | 0 |
_aAn assessment of information literacy programmes in children's libraries/ a case study of Bulawayo Public Library/ _c Butholezwe K. Nyathi. |
| 260 |
_aBulawayo : _b Nust, _b2008 |
||
| 300 |
_ax, 68 p. : _b ill. ; _c 31 cm. |
||
| 500 | _aThesis (BSc)---NUST, 2001 | ||
| 500 | _aIncludes bibliographical references. | ||
| 700 |
_aNUST. _bDept.Of Library and Information Science. _tProject. |
||
| 907 |
_a.b10264693 _b01-03-12 _c04-08-09 |
||
| 003 | |||
| 005 | 20230120153123.0 | ||
| 040 | _cNUST | ||
| 942 |
_cBOOKS _kSC Z718 _mNYA |
||
| 999 |
_c99116 _d99116 |
||